| 000 | 00000cam 2200000za 4500 |
| 001 | 9.839423 |
| 003 | CaOODSP |
| 005 | 20260226121243 |
| 007 | cr ||||||||||| |
| 008 | 170711m20162017qucb o f000 0 eng d |
| 040 | |aCaOODSP|beng |
| 041 | |aeng|gfre |
| 043 | |an-cn--- |
| 086 | 1 |aP29-003-005-2016E-PDF |
| 245 | 00|aAutomotive gasoline |h[electronic resource]. |
| 250 | |a[May 2016 edition]. |
| 260 | |aGatineau : |bCanadian General Standards Board : |bStandards Council of Canada, |c2016, 2017. |
| 300 | |ai, 32 p. : |bmaps |
| 490 | 1 |aNational standard of Canada ; |vno. 3.5-2016 |
| 500 | |a"May 2016." |
| 500 | |a"Experience and excellence"--Cover. |
| 500 | |aSupersedes CAN/CGSB-3.5-2011. |
| 500 | |aIssued also in French under title: Essence automobile. |
| 500 | |aIncludes corrigendum, no. 1, June 2016, and amendment, no. 1, January 2017. |
| 520 | |a"This standard applies to four grades of gasoline to which no lead or phosphorus compounds have been added. They are intended for use in spark-ignition engines under a wide range of climatic conditions."--Scope. |
| 546 | |aStandard in English only, corrigendum and amendment in English and French. |
| 692 | 07|2gccst|aGasoline |
| 692 | 07|2gccst|aStandards |
| 710 | 2 |aStandards Council of Canada. |
| 710 | 2 |aCanadian General Standards Board. |
| 775 | 08|tEssence automobile |w(CaOODSP)9.839425 |
| 794 | |tAutomotive gasoline.|b[October 2021 edition]|w(CaOODSP)9.904470 |
| 830 | #0|aNational standard of Canada ;|vno. 3.5-2016.|w(CaOODSP)9.507848 |
| 856 | 40|qPDF|s1.38 MB|uhttps://publications.gc.ca/collections/collection_2017/ongc-cgsb/P29-003-005-2016-eng.pdf |
| 856 | 40|qPDF|s49 KB|uhttps://publications.gc.ca/collections/collection_2017/ongc-cgsb/P29-003-005-2016-1.pdf |
| 856 | 40|qPDF|s74 KB|uhttps://publications.gc.ca/collections/collection_2017/ongc-cgsb/P29-003-005-2016-2.pdf |
| 986 | |aICS 75.160.20 |